JAZ - Statystyki

Ogólne statystyki
  • Ten quiz został rozwiązany 4 razy
  • Średni wynik to 22 z 43
Statystyki odpowiedzi
Hint Odpowiedź % Poprawnych
Celsjusz Celsius
100%
Kwoty Amounts
75%
Stopnie Degree
75%
Analiza Analysis
50%
Waga analityczna Analytical Balance
50%
Zastosowanie Application
50%
Podejścia Aproaches
50%
Jednostki podstawowe Base Units
50%
Kalibrować Calibrate
50%
Związki Compounds
50%
Warunek Condition
50%
Przeprowadzić coś Conducting
50%
Przekształcać Convert
50%
Centymetr Sześcienny Cubic Centimeter
50%
Jednostki pochodne Derived Units
50%
Energia Energy
50%
Równa się Equal
50%
Siła Force
50%
Gramy Grams
50%
Różnorodny Heterogenous
50%
Jednolity Homogenous
50%
Częstotliwy Iterative
50%
Kelwiny Kelvins
50%
Litry Liters
50%
Masa Mass
50%
Miarowy Metric
50%
Miligramy Miligrams
50%
Mililitry Mililiters
50%
Mieszaniny Mixtures
50%
Masa Molowa Molar Mass
50%
Pascal Pascal
50%
Faza Phase
50%
Ciśnienie Pressure
50%
Procedura Procedure
50%
Polecać Recommend
50%
Przedefiniować Redefine
50%
Odkryć Reveal
50%
Oddzielać Separate
50%
Rozwiązania Solutions
50%
Synteza Synthesis
50%
Objętość Volume
50%
Odwrotny Conversely
25%
Waga Weight
25%
Nie znaleziono quizów pasujących do podanych kryteriów
Rozkład punktacji
Procent ludzi z każdym wynikiem
Percentyl według liczby udzielonych odpowiedzi
Twoja historia wyników
Nie rozwiązałeś tego quizu